|
|
|
|
| LEADER |
00630nab a2200181 i 4500 |
| 001 |
publ6744 |
| 005 |
20190214140436.0 |
| 008 |
160511s2015 hu o 0|| zxx d |
| 022 |
|
|
|a 2063-3998
|
| 024 |
7 |
|
|a 3024627
|2 mtmt
|
| 040 |
|
|
|a SZTE Publicatio Repozitórium
|b hun
|
| 041 |
|
|
|a zxx
|
| 100 |
1 |
|
|a Csupor Dezső
|
| 245 |
1 |
0 |
|a Különböznek-e egymástól a Ginkgo biloba hatóanyagú készítmények
|h [elektronikus dokumentum] /
|c Csupor Dezső
|
| 260 |
|
|
|c 2015
|
| 300 |
|
|
|a 36-37
|
| 490 |
0 |
|
|a PSYCHIATRIC TIMES (MAGYAR KIADÁS)
|v 4 No. 4
|
| 856 |
4 |
0 |
|u http://publicatio.bibl.u-szeged.hu/6744/1/3024627_Csupor_Ginkgo.pdf
|z Dokumentum-elérés
|